00710nam a2200205 a 450000100100000000500170001000800410002702000150006804000250008310000390010824500650014724600370021226000460024930000210029549000320031650000210034850400320036950400730040183000300047400004225020201002040029.0131120s1997 sp ac 001 0 spa d a8408020730 aDO-SdBNPbspacBNPHU1 aVila-San-Juan, José Luis,d1926-10aAmadeo I :bEl rey caballero /cJuan, José Luis, Vila-San.14aLa vida y la época de Amadeo I aBarcelona :bPlaneta,c1997.bil., retrs. a229 p. :b25 cm.1 aLos reyes de España ;v17 aIncluye índice aBibliografía : p. 225-226 aIncluye referencias bibliográficas y notas al pie de las páginas 0aLos reyes de Españav17